书目信息 |
| 题名: |
最亮的十米
|
|
| 作者: | 田亮 著 | |
| 分册: | ||
| 出版信息: | 北京 作家出版社 2006.03 |
|
| 页数: | 179页 | |
| 开本: | 24cm | |
| 丛书名: | ||
| 单 册: | ||
| 中图分类: | K825.47 | |
| 科图分类: | ||
| 主题词: | 人物--传记--中国 | |
| 电子资源: | ||
| ISBN: | 7-5063-3609-X | |
| 000 | 00572 nam 000217 | |
| 001 | 012000000729 | |
| 005 | 20070902160236.58 | |
| 010 | @a7-5063-3609-X@dCNY32.00 | |
| 100 | @a20070714d2006 em y0chiy0121 ea | |
| 101 | @achi | |
| 102 | @aCN@b110000 | |
| 105 | @ay z 000yy | |
| 200 | 10 | @a最亮的十米@9zui liang de shi mi@f田亮著@Ftian liang zhu |
| 210 | @a北京@c作家出版社@d2006.03 | |
| 215 | @a179页@d24cm | |
| 606 | @a人物@x传记@x中国 | |
| 690 | @aK825.47@v4 | |
| 701 | 0 | @a田亮@9tian liang@4著 |
| 801 | @aCN@c20070902 | |
| 901 | @a000001 | |
| 905 | @dK825.47@eT632 | |
| 最亮的十米/田亮著.-北京:作家出版社,2006.03 |
| 179页;24cm |
| ISBN 7-5063-3609-X:CNY32.00 |
| ● |
| 相关链接 |
|
|
|
正题名:最亮的十米
索取号:K825.47/T632
 
预约/预借
| 序号 | 登录号 | 条形码 | 馆藏地/架位号 | 状态 | 备注 |
| 1 | 642068 | 206420684 | 社科库309/309社科库 50排7列1层/ [索取号:K825.47/T632] | 在馆 | |
| 2 | 642069 | 206420693 | 社科库309/309社科库 50排7列1层/ [索取号:K825.47/T632] | 在馆 | |
| 3 | 642070 | 206420700 | 社科库309/309社科库 50排7列1层/ [索取号:K825.47/T632] | 在馆 |